[Event "EU-chT (Women) 08th"]
[Site "Novi Sad"]
[Date "2009.10.22"]
[Round "1"]
[White "Kosteniuk, Alexandra"]
[Black "Calzetta Ruiz, Monica"]
[Result "1-0"]
[WhiteElo "2516"]
[BlackElo "2386"]
[PlyCount "59"]
[EventDate "2009.10.22"]
[EventType "team-swiss"]
[EventRounds "9"]
[EventCountry "YUG"]
[SourceTitle "EXT 2010"]
[Source "ChessBase"]
[SourceDate "2010.11.25"]
[SourceVersion "1"]
[SourceVersionDate "2010.11.25"]
[SourceQuality "1"]
[WhiteTeam "Russia (W)"]
[BlackTeam "Spain (W)"]
[WhiteTeamCountry "RUS"]
[BlackTeamCountry "ESP"]

1. e4 e5 2. Nf3 Nc6 3. Bc4 Be7 4. d4 d6 5. dxe5 dxe5 6. Bd5 Bg4 7. Bxc6+ bxc6
8. Qe2 Nf6 9. Nbd2 Bd6 10. Nc4 O-O 11. h3 Bh5 12. Bg5 Qe7 13. g4 Bg6 14. Nfd2
h6 15. Bh4 Rab8 16. f3 Bc5 17. Nb3 Bb6 18. O-O-O Qe6 19. Bg3 Nd7 20. h4 f6 21.
g5 fxg5 22. hxg5 h5 23. Rxd7 Qxd7 24. Nxe5 Qe6 25. f4 Be8 26. f5 Qe7 27. g6
Qg5+ 28. Kb1 Be3 29. Rxh5 Qxg3 30. Qc4+ 1-0

[Event "EU-chT (Women) 08th"]
[Site "Novi Sad"]
[Date "2009.10.25"]
[Round "4"]
[White "Kosteniuk, Alexandra"]
[Black "Vajda, Szidonia"]
[Result "1/2-1/2"]
[WhiteElo "2516"]
[BlackElo "2375"]
[PlyCount "166"]
[EventDate "2009.10.22"]
[EventType "team-swiss"]
[EventRounds "9"]
[EventCountry "YUG"]
[SourceTitle "EXT 2010"]
[Source "ChessBase"]
[SourceDate "2010.11.25"]
[SourceVersion "1"]
[SourceVersionDate "2010.11.25"]
[SourceQuality "1"]
[WhiteTeam "Russia (W)"]
[BlackTeam "Hungary (W)"]
[WhiteTeamCountry "RUS"]
[BlackTeamCountry "HUN"]

1. e4 e5 2. Nf3 Nc6 3. Bb5 Nf6 4. O-O Nxe4 5. d4 Nd6 6. Bxc6 dxc6 7. dxe5 Nf5
8. Qxd8+ Kxd8 9. Nc3 Ke8 10. h3 Be6 11. g4 Ne7 12. Nd4 Bc8 13. Re1 h5 14. e6
Bxe6 15. Nxe6 fxe6 16. Rxe6 hxg4 17. hxg4 Kd7 18. Re5 Ng6 19. Rf5 Nh4 20. Rf7+
Ke6 21. Rxc7 Nf3+ 22. Kf1 Nd4 23. Ne4 Be7 24. c3 Nc2 25. Rb1 Rh1+ 26. Ke2 Re1+
27. Kd3 Nb4+ 28. cxb4 Rd8+ 29. Kc2 Rxe4 30. Rxb7 Rxg4 31. Be3 Rd7 32. Rxd7 Kxd7
33. Bxa7 Rc4+ 34. Kd3 Rxb4 35. Bd4 Bf6 36. Bxf6 gxf6 37. b3 c5 38. Rc1 Rd4+ 39.
Ke3 Kd6 40. Rc2 Rh4 41. Rc4 Rh1 42. Kf4 Rh2 43. Rc2 Ke6 44. Re2+ Kf7 45. Kg4
Rg2+ 46. Kf3 Rg8 47. Rc2 Ra8 48. a4 Rb8 49. Rc3 Rb4 50. Ke3 Ke6 51. Kd3 Kd5 52.
Kc2 Rf4 53. f3 Kc6 54. Re3 Kb6 55. Re6+ Kb7 56. Re3 Kb6 57. Kb2 Ka5 58. Ka3 Rf5
59. Rd3 Rf4 60. Rc3 Kb6 61. Kb2 Rf5 62. Kc2 Rf4 63. Kd2 Kc6 64. Ke3 Rb4 65. f4
f5 66. Kf3 Rb8 67. Re3 Kd6 68. Rd3+ Kc6 69. Kg3 Rg8+ 70. Kf2 Rb8 71. Rf3 Kd5
72. Rd3+ Ke4 73. Rc3 Kxf4 74. a5 Rb5 75. a6 Rb8 76. Rc4+ Ke5 77. Rxc5+ Kd6 78.
Ra5 Kc6 79. b4 Kb6 80. Ke3 Ra8 81. Rxf5 Re8+ 82. Kd4 Kxa6 83. Kc4 Re6 1/2-1/2

[Event "EU-chT (Women) 08th"]
[Site "Novi Sad"]
[Date "2009.10.26"]
[Round "5"]
[White "Socko, Monika"]
[Black "Kosteniuk, Alexandra"]
[Result "1/2-1/2"]
[WhiteElo "2476"]
[BlackElo "2516"]
[PlyCount "161"]
[EventDate "2009.10.22"]
[EventType "team-swiss"]
[EventRounds "9"]
[EventCountry "YUG"]
[SourceTitle "EXT 2010"]
[Source "ChessBase"]
[SourceDate "2010.11.25"]
[SourceVersion "1"]
[SourceVersionDate "2010.11.25"]
[SourceQuality "1"]
[WhiteTeam "Poland (W)"]
[BlackTeam "Russia (W)"]
[WhiteTeamCountry "POL"]
[BlackTeamCountry "RUS"]

1. d4 d5 2. c4 e6 3. Nf3 Nf6 4. Nc3 c6 5. e3 Nbd7 6. Bd3 dxc4 7. Bxc4 b5 8. Bd3
a6 9. O-O c5 10. a4 b4 11. Ne4 Bb7 12. Nxf6+ Nxf6 13. dxc5 Bxc5 14. Qe2 Ne4 15.
Qc2 Ng5 16. Nxg5 Qxg5 17. Be4 Bxe4 18. Qxe4 O-O 19. b3 Rad8 20. Bb2 Rd2 21. Be5
Rd5 22. Bf4 Qf6 23. Qc4 a5 24. Rac1 Be7 25. Rfd1 Rfd8 26. Rxd5 Rxd5 27. Qc8+
Bf8 28. h3 g5 29. Bg3 h5 30. f4 Qb2 31. Qc2 Qxc2 32. Rxc2 h4 33. Bh2 Rd3 34.
fxg5 Rc3 35. Rd2 Bc5 36. Rd8+ Kh7 37. Ra8 Bxe3+ 38. Kf1 Rxb3 39. Rxa5 Rb2 40.
Rb5 Rf2+ 41. Ke1 Rxg2 42. Bd6 Ra2 43. Bxb4 Rxa4 44. Be7 Ra2 45. Re5 Bf4 46. Re4
e5 47. Bf6 Ra5 48. Rc4 Kg6 49. Rc6 Kf5 50. Rc7 Bxg5 51. Bxg5 Kxg5 52. Rxf7 Ra3
53. Rg7+ Kf5 54. Kf2 Rxh3 55. Rh7 Ke4 56. Rh8 Rf3+ 57. Ke2 Rf4 58. Rh7 Kd5 59.
Ke3 Ra4 60. Kf2 Ke6 61. Kf3 Rf4+ 62. Ke3 Kf6 63. Rh5 Ra4 64. Kf2 Ra2+ 65. Kg1
Ra4 66. Kf2 Rb4 67. Ke2 Rb2+ 68. Kf1 Rb4 69. Kf2 Ke6 70. Ke3 Kd5 71. Ke2 Re4+
72. Kd3 Rg4 73. Ke3 Ke6 74. Kf3 Rf4+ 75. Ke3 Kf6 76. Ke2 Re4+ 77. Kf3 Rc4 78.
Kf2 Ra4 79. Ke2 Kg6 80. Rxe5 h3 81. Kf2 1/2-1/2

[Event "EU-chT (Women) 08th"]
[Site "Novi Sad"]
[Date "2009.10.27"]
[Round "6"]
[White "Kosteniuk, Alexandra"]
[Black "Lagno, Kateryna"]
[Result "1-0"]
[WhiteElo "2516"]
[BlackElo "2483"]
[PlyCount "111"]
[EventDate "2009.10.22"]
[EventType "team-swiss"]
[EventRounds "9"]
[EventCountry "YUG"]
[SourceTitle "EXT 2010"]
[Source "ChessBase"]
[SourceDate "2010.11.25"]
[SourceVersion "1"]
[SourceVersionDate "2010.11.25"]
[SourceQuality "1"]
[WhiteTeam "Russia (W)"]
[BlackTeam "Ukraine (W)"]
[WhiteTeamCountry "RUS"]
[BlackTeamCountry "UKR"]

1. e4 e5 2. Nf3 Nc6 3. Bb5 a6 4. Ba4 Nf6 5. O-O Be7 6. Re1 b5 7. Bb3 d6 8. c3
O-O 9. h3 Nb8 10. d4 Nbd7 11. Nbd2 Bb7 12. Bc2 Re8 13. Nf1 Bf8 14. Ng3 g6 15.
a4 c5 16. d5 c4 17. Bg5 h6 18. Be3 Nc5 19. Qd2 h5 20. Ra3 Nfd7 21. Rea1 Rb8 22.
axb5 axb5 23. Qd1 Bc8 24. Ra7 Rb7 25. Nd2 Be7 26. Qc1 Nb6 27. R1a5 Bd7 28. Qa1
Rxa7 29. Rxa7 Bg5 30. Bxc5 dxc5 31. Nf3 Bh6 32. Qa6 Bf8 33. Qb7 Bd6 34. h4 Re7
35. Ra6 Nc8 36. Ra8 Kg7 37. Ng5 Qb6 38. Qxb6 Nxb6 39. Ra6 Nc8 40. Bd1 Re8 41.
Be2 Kf6 42. Nf1 Ke7 43. Ne3 Bc7 44. g4 Nd6 45. gxh5 gxh5 46. Bxh5 Rg8 47. Kf1
Rh8 48. Bxf7 Rxh4 49. Be6 Rh1+ 50. Ke2 Rb1 51. Nf5+ Nxf5 52. exf5 Rxb2+ 53. Ke3
Be8 54. Ra7 b4 55. Rxc7+ Kd6 56. Rb7 1-0

[Event "EU-chT (Women) 08th"]
[Site "Novi Sad"]
[Date "2009.10.28"]
[Round "7"]
[White "Mamedjarova, Zeinab"]
[Black "Kosteniuk, Alexandra"]
[Result "0-1"]
[WhiteElo "2285"]
[BlackElo "2516"]
[PlyCount "76"]
[EventDate "2009.10.22"]
[EventType "team-swiss"]
[EventRounds "9"]
[EventCountry "YUG"]
[SourceTitle "EXT 2010"]
[Source "ChessBase"]
[SourceDate "2010.11.25"]
[SourceVersion "1"]
[SourceVersionDate "2010.11.25"]
[SourceQuality "1"]
[WhiteTeam "Azerbaijan (W)"]
[BlackTeam "Russia (W)"]
[WhiteTeamCountry "AZE"]
[BlackTeamCountry "RUS"]

1. d4 Nf6 2. c4 e6 3. Nf3 b6 4. a3 Bb7 5. Nc3 d5 6. cxd5 Nxd5 7. Qc2 Nxc3 8.
bxc3 Be7 9. e4 O-O 10. Bd3 c5 11. O-O Qc7 12. Qe2 Nd7 13. Bb2 Rfd8 14. Rad1
Rac8 15. Nd2 Nf6 16. f4 b5 17. f5 e5 18. d5 c4 19. Bc2 a5 20. Kh1 b4 21. Ra1
Nd7 22. Rf3 b3 23. Bd1 Nb6 24. Nf1 Na4 25. Bc1 Nc5 26. Rg3 Rd6 27. Nd2 Ba6 28.
Qg4 Bf8 29. Nf3 b2 30. Bxb2 Nd3 31. Qh5 Nf2+ 32. Kg1 Qb6 33. h3 Nxe4+ 34. Kh2
Nxg3 35. Kxg3 Rh6 36. Qg5 Qxb2 37. Rc1 e4 38. Nh4 Bd6+ 0-1

[Event "EU-chT (Women) 08th"]
[Site "Novi Sad"]
[Date "2009.10.30"]
[Round "9"]
[White "Kosteniuk, Alexandra"]
[Black "Danielian, Elina"]
[Result "1/2-1/2"]
[WhiteElo "2516"]
[BlackElo "2489"]
[PlyCount "129"]
[EventDate "2009.10.22"]
[EventType "team-swiss"]
[EventRounds "9"]
[EventCountry "YUG"]
[SourceTitle "EXT 2010"]
[Source "ChessBase"]
[SourceDate "2010.11.25"]
[SourceVersion "1"]
[SourceVersionDate "2010.11.25"]
[SourceQuality "1"]
[WhiteTeam "Russia (W)"]
[BlackTeam "Armenia (W)"]
[WhiteTeamCountry "RUS"]
[BlackTeamCountry "ARM"]

1. e4 c6 2. d4 d5 3. e5 Bf5 4. Nf3 e6 5. Be2 Nd7 6. O-O h6 7. Nbd2 Ne7 8. a4
Bh7 9. a5 a6 10. Nb3 Nc8 11. Ne1 Be7 12. Bd3 Bxd3 13. Nxd3 Na7 14. Qg4 g6 15.
Be3 Nb5 16. Nd2 h5 17. Qf4 Nf8 18. Rfd1 g5 19. Qf3 Ng6 20. g3 Kf8 21. Ra4 Kg7
22. c4 Nc7 23. b3 Ne8 24. Qe2 Kg8 25. Nc5 Rb8 26. cxd5 cxd5 27. b4 Ng7 28. b5
Qe8 29. Rb1 Nf5 30. Rab4 Ra8 31. bxa6 bxa6 32. Rb6 Kg7 33. Nxa6 Qa4 34. Nb3 Qc4
35. Qxc4 dxc4 36. Nbc5 Bxc5 37. Nxc5 Nxe3 38. fxe3 Rxa5 39. Rb7 Nxe5 40. Rf1
Rxc5 41. dxc5 Rc8 42. Rb5 Kg6 43. Rc1 Kf5 44. c6 Ke4 45. Rc5 Rc7 46. Kf1 Rxc6
47. Rxc6 Nxc6 48. Rxc4+ Kd5 49. Ra4 Ke5 50. h4 Kf6 51. Ke2 Ne5 52. Ra5 gxh4 53.
gxh4 Kf5 54. Ra4 Kg6 55. Kf2 Ng4+ 56. Kf3 Ne5+ 57. Ke4 Ng4 58. Kf4 f6 59. Ra6
e5+ 60. Kf3 Nh2+ 61. Ke4 Ng4 62. Ra3 Nf2+ 63. Kd5 Kf5 64. Ra1 Kg4 65. Ke6
1/2-1/2

[Event "Wch Blitz 4th"]
[Site "Moscow"]
[Date "2009.11.16"]
[Round "1"]
[White "Kosteniuk, Alexandra"]
[Black "Karjakin, Sergey"]
[Result "0-1"]
[WhiteElo "2517"]
[BlackElo "2723"]
[PlyCount "72"]
[EventDate "2009.11.16"]
[EventType "tourn (blitz)"]
[EventRounds "42"]
[EventCountry "RUS"]
[EventCategory "19"]
[SourceTitle "EXT 2010"]
[Source "ChessBase"]
[SourceDate "2010.11.25"]
[SourceVersion "1"]
[SourceVersionDate "2010.11.25"]
[SourceQuality "1"]

1. e4 e5 2. Nf3 Nc6 3. Bb5 Nf6 4. d3 Bc5 5. c3 O-O 6. O-O d6 7. h3 Re8 8. Ba4
b5 9. Nbd2 Be6 10. Bc2 h6 11. Re1 Bb6 12. Nf1 d5 13. Be3 Bxe3 14. Nxe3 Qd6 15.
Qe2 d4 16. Nf1 Rad8 17. Ng3 dxc3 18. bxc3 Qc5 19. Qd2 Rd7 20. Nh4 b4 21. cxb4
Nxb4 22. Rec1 Nxa2 23. Rxa2 Bxa2 24. Ba4 Rxd3 25. Rxc5 Rxd2 26. Bxe8 Nxe8 27.
Rxe5 Be6 28. f4 Nd6 29. Rc5 Nb5 30. Nf3 Rd3 31. Nf5 Rc3 32. Re5 Kf8 33. N5d4
Bd7 34. Rd5 Ke8 35. Ne5 Nxd4 36. Rxd4 Bb5 0-1

[Event "Wch Blitz 4th"]
[Site "Moscow"]
[Date "2009.11.16"]
[Round "4"]
[White "Carlsen, Magnus"]
[Black "Kosteniuk, Alexandra"]
[Result "0-1"]
[WhiteElo "2801"]
[BlackElo "2517"]
[PlyCount "85"]
[EventDate "2009.11.16"]
[EventType "tourn (blitz)"]
[EventRounds "42"]
[EventCountry "RUS"]
[EventCategory "19"]
[SourceTitle "EXT 2010"]
[Source "ChessBase"]
[SourceDate "2010.11.25"]
[SourceVersion "1"]
[SourceVersionDate "2010.11.25"]
[SourceQuality "1"]

1. e4 e5 2. Nf3 Nf6 3. d4 Nxe4 4. Bd3 d5 5. dxe5 Nc5 6. Be2 Be7 7. O-O O-O 8.
Be3 Nc6 9. Nc3 Be6 10. Bb5 Nd7 11. Bf4 a6 12. Bxc6 bxc6 13. Nd4 Nb8 14. Qd3 Qd7
15. Qg3 Re8 16. Bh6 Bf8 17. Na4 Kh8 18. Be3 Qe7 19. f4 Bc8 20. Nb3 Nd7 21. Nac5
a5 22. a4 Ba6 23. Rfe1 Bc4 24. Nxd7 Qxd7 25. Nc5 Qf5 26. b3 Ba6 27. Qf2 Bc8 28.
Bd4 h6 29. h3 Qg6 30. Kh2 Bf5 31. g4 Bxc5 32. Bxc5 Be4 33. f5 Qg5 34. Be3 Qe7
35. Bf4 Qb4 36. Re3 Qc5 37. Rc1 Rab8 38. h4 Rb4 39. f6 g6 40. c4 Reb8 41. Bxh6
Rxb3 42. Rce1 Rb2 43. R1e2 0-1

[Event "Wch Blitz 4th"]
[Site "Moscow"]
[Date "2009.11.16"]
[Round "7"]
[White "Kosteniuk, Alexandra"]
[Black "Aronian, Levon"]
[Result "0-1"]
[WhiteElo "2517"]
[BlackElo "2786"]
[PlyCount "118"]
[EventDate "2009.11.16"]
[EventType "tourn (blitz)"]
[EventRounds "42"]
[EventCountry "RUS"]
[EventCategory "19"]
[SourceTitle "EXT 2010"]
[Source "ChessBase"]
[SourceDate "2010.11.25"]
[SourceVersion "1"]
[SourceVersionDate "2010.11.25"]
[SourceQuality "1"]

1. e4 e5 2. Nf3 Nc6 3. Bb5 Nge7 4. c3 a6 5. Ba4 g6 6. d4 exd4 7. cxd4 b5 8. Bb3
Bg7 9. O-O O-O 10. Nc3 d6 11. h3 Na5 12. Bc2 c5 13. dxc5 dxc5 14. Bg5 Qc7 15.
Qc1 Nc4 16. Bh6 Be6 17. Bxg7 Kxg7 18. b3 Nb6 19. e5 Nc6 20. Qf4 Nd7 21. Rfe1 b4
22. Ne4 Bf5 23. g4 Bxe4 24. Rxe4 Rae8 25. Rae1 Re7 26. Bd3 Rfe8 27. Bxa6 Ndxe5
28. Nxe5 Rxe5 29. Bc4 R8e7 30. g5 Rxe4 31. Rxe4 Qxf4 32. Rxf4 Ne5 33. h4 Ra7
34. Re4 Nxc4 35. Rxc4 Rxa2 36. Rxc5 Rb2 37. Rb5 Rxb3 38. Rb7 Kf8 39. Kg2 Ke8
40. Rb5 Ke7 41. Rb7+ Ke6 42. Rb6+ Kd5 43. Rb7 Kc6 44. Rb8 Kc5 45. Rc8+ Kd4 46.
Rd8+ Kc4 47. Rc8+ Kd3 48. Rd8+ Kc2 49. Rb8 Rb1 50. Kf3 b3 51. Rc8+ Kd2 52. Rd8+
Kc3 53. Rc8+ Kd2 54. Rd8+ Ke1 55. Re8+ Kf1 56. Rb8 Rb2 57. Kg3 Rb1 58. f4 Ke2
59. Rb7 Kd3 0-1

[Event "Wch Blitz 4th"]
[Site "Moscow"]
[Date "2009.11.17"]
[Round "16"]
[White "Kosteniuk, Alexandra"]
[Black "Svidler, Peter"]
[Result "0-1"]
[WhiteElo "2517"]
[BlackElo "2754"]
[PlyCount "80"]
[EventDate "2009.11.16"]
[EventType "tourn (blitz)"]
[EventRounds "42"]
[EventCountry "RUS"]
[EventCategory "19"]
[SourceTitle "EXT 2010"]
[Source "ChessBase"]
[SourceDate "2010.11.25"]
[SourceVersion "1"]
[SourceVersionDate "2010.11.25"]
[SourceQuality "1"]

1. e4 c5 2. Nf3 e6 3. d4 cxd4 4. Nxd4 a6 5. Nc3 b5 6. Bd3 d6 7. O-O Nf6 8. Re1
Be7 9. a4 b4 10. Na2 e5 11. Nf3 Nc6 12. Bd2 Qb6 13. a5 Qb7 14. h3 O-O 15. Qe2
Be6 16. Nc1 h6 17. Bc4 Bxc4 18. Qxc4 Rfc8 19. Qd3 Rd8 20. Nb3 d5 21. exd5 Rxd5
22. Qe2 e4 23. Nh2 Ne5 24. Be3 Rc8 25. Red1 Nc4 26. Bd4 Nd6 27. Ng4 Nxg4 28.
hxg4 Qb5 29. Qxb5 Nxb5 30. Bb6 Rxd1+ 31. Rxd1 Rxc2 32. Rd2 Rc4 33. Rd7 Bf6 34.
Nd2 Rc1+ 35. Kh2 Bxb2 36. Nxe4 b3 37. Nc5 Be5+ 38. g3 b2 39. Rd8+ Kh7 40. Nd7
Bd6 0-1

[Event "Wch Blitz 4th"]
[Site "Moscow"]
[Date "2009.11.17"]
[Round "18"]
[White "Kosteniuk, Alexandra"]
[Black "Grischuk, Alexander"]
[Result "1-0"]
[WhiteElo "2517"]
[BlackElo "2736"]
[PlyCount "47"]
[EventDate "2009.11.16"]
[EventType "tourn (blitz)"]
[EventRounds "42"]
[EventCountry "RUS"]
[EventCategory "19"]
[SourceTitle "EXT 2010"]
[Source "ChessBase"]
[SourceDate "2010.11.25"]
[SourceVersion "1"]
[SourceVersionDate "2010.11.25"]
[SourceQuality "1"]

1. e4 c5 2. Nf3 d6 3. d4 cxd4 4. Nxd4 Nf6 5. Nc3 a6 6. Bg5 e6 7. f4 Qb6 8. Qd2
Qxb2 9. Nb3 Qa3 10. Bxf6 gxf6 11. Be2 Nc6 12. O-O Bd7 13. Kh1 Rc8 14. Bh5 Bg7
15. f5 O-O 16. Rf3 Ne5 17. Rg3 Kh8 18. Rf1 b5 19. Ne2 Qxa2 20. Ned4 Nc4 21. Qf4
e5 22. Qg4 Rg8 23. Bxf7 Bh6 24. Qxg8+ 1-0

[Event "Wch Blitz 4th"]
[Site "Moscow"]
[Date "2009.11.17"]
[Round "20"]
[White "Kosteniuk, Alexandra"]
[Black "Tkachiev, Vladislav"]
[Result "1-0"]
[WhiteElo "2517"]
[BlackElo "2642"]
[PlyCount "77"]
[EventDate "2009.11.16"]
[EventType "tourn (blitz)"]
[EventRounds "42"]
[EventCountry "RUS"]
[EventCategory "19"]
[SourceTitle "EXT 2010"]
[Source "ChessBase"]
[SourceDate "2010.11.25"]
[SourceVersion "1"]
[SourceVersionDate "2010.11.25"]
[SourceQuality "1"]

1. e4 e5 2. Nf3 Nc6 3. Bb5 a6 4. Ba4 d6 5. c3 Bd7 6. d4 g6 7. O-O Bg7 8. Re1 b5
9. Bb3 Nf6 10. dxe5 Nxe5 11. Nxe5 dxe5 12. Bg5 h6 13. Bh4 O-O 14. Nd2 c6 15. h3
Qc7 16. Nf3 Rfe8 17. g4 Be6 18. Qe2 Bxb3 19. axb3 Nd7 20. Nd2 Nc5 21. b4 Ne6
22. Bg3 a5 23. bxa5 Rxa5 24. Nb3 Ra4 25. Rxa4 bxa4 26. Nd2 Nf4 27. Bxf4 exf4
28. Qc4 Qd7 29. Nf3 Rb8 30. Qe2 Rb3 31. e5 Qb7 32. e6 fxe6 33. Qxe6+ Qf7 34.
Qxc6 Rxb2 35. Qxa4 Bxc3 36. Re8+ Kg7 37. Qe4 Bf6 38. Ra8 Qb7 39. Qe8 1-0

[Event "Wch Blitz 4th"]
[Site "Moscow"]
[Date "2009.11.17"]
[Round "21"]
[White "Dominguez Perez, Leinier"]
[Black "Kosteniuk, Alexandra"]
[Result "1-0"]
[WhiteElo "2719"]
[BlackElo "2517"]
[PlyCount "41"]
[EventDate "2009.11.16"]
[EventType "tourn (blitz)"]
[EventRounds "42"]
[EventCountry "RUS"]
[EventCategory "19"]
[SourceTitle "EXT 2010"]
[Source "ChessBase"]
[SourceDate "2010.11.25"]
[SourceVersion "1"]
[SourceVersionDate "2010.11.25"]
[SourceQuality "1"]

1. e4 e5 2. Bc4 Nc6 3. d3 Nf6 4. Nf3 d5 5. exd5 Nxd5 6. O-O Be7 7. Re1 O-O 8.
Nxe5 Nxe5 9. Rxe5 c6 10. Re1 Bd6 11. Nc3 Nxc3 12. bxc3 Qh4 13. g3 Qf6 14. d4
Bh3 15. Qh5 Rae8 16. Rxe8 Rxe8 17. Qxh3 Re1+ 18. Bf1 g6 19. Bh6 Re8 20. Re1 Rb8
21. Qd7 1-0

[Event "Wch Blitz 4th"]
[Site "Moscow"]
[Date "2009.11.17"]
[Round "22"]
[White "Karjakin, Sergey"]
[Black "Kosteniuk, Alexandra"]
[Result "1-0"]
[WhiteElo "2723"]
[BlackElo "2517"]
[PlyCount "119"]
[EventDate "2009.11.16"]
[EventType "tourn (blitz)"]
[EventRounds "42"]
[EventCountry "RUS"]
[EventCategory "19"]
[SourceTitle "EXT 2010"]
[Source "ChessBase"]
[SourceDate "2010.11.25"]
[SourceVersion "1"]
[SourceVersionDate "2010.11.25"]
[SourceQuality "1"]

1. e4 e5 2. Nf3 Nf6 3. Nxe5 d6 4. Nf3 Nxe4 5. Nc3 Nxc3 6. dxc3 Be7 7. Bf4 Nc6
8. Qd2 Be6 9. O-O-O Bxa2 10. b3 a5 11. Kb2 a4 12. Kxa2 axb3+ 13. Kxb3 Na5+ 14.
Kb2 Qd7 15. Ra1 O-O 16. Qd5 b5 17. Ne5 Qe6 18. Qxe6 fxe6 19. Rxa5 Rxa5 20. Nc6
Ra6 21. Nxe7+ Kf7 22. Bxb5 Rb6 23. c4 Kxe7 24. Bg5+ Kf7 25. Kc3 Ra8 26. Be3
Rbb8 27. Bc6 Ra3+ 28. Kd2 Rb4 29. c5 Ra2 30. cxd6 cxd6 31. Bf3 d5 32. Rc1 h6
33. Kd3 Rba4 34. c3 Ra1 35. Rxa1 Rxa1 36. h4 Kf6 37. g3 g5 38. h5 Ra4 39. Bd1
Ra1 40. Kd2 e5 41. Bc5 Ra2+ 42. Bc2 e4 43. Kc1 Kf5 44. Bd1 Ra1+ 45. Kc2 Ra2+
46. Kb1 Ra5 47. g4+ Ke5 48. Bd4+ Kf4 49. Bg7 Ra6 50. Be2 Rb6+ 51. Kc2 Rb7 52.
Bxh6 e3 53. fxe3+ Kxe3 54. Bd1 Kf4 55. Bf8 Rf7 56. Bc5 Ke4 57. Bd4 Rh7 58. Bf6
Rc7 59. h6 Kf4 60. Bg7 1-0

[Event "Wch Blitz 4th"]
[Site "Moscow"]
[Date "2009.11.17"]
[Round "24"]
[White "Naiditsch, Arkadij"]
[Black "Kosteniuk, Alexandra"]
[Result "1/2-1/2"]
[WhiteElo "2689"]
[BlackElo "2517"]
[PlyCount "107"]
[EventDate "2009.11.16"]
[EventType "tourn (blitz)"]
[EventRounds "42"]
[EventCountry "RUS"]
[EventCategory "19"]
[SourceTitle "EXT 2010"]
[Source "ChessBase"]
[SourceDate "2010.11.25"]
[SourceVersion "1"]
[SourceVersionDate "2010.11.25"]
[SourceQuality "1"]

1. e4 e5 2. Nf3 Nf6 3. d4 Nxe4 4. Bd3 d5 5. dxe5 Nc5 6. Nc3 c6 7. Nd4 g6 8. O-O
Bg7 9. f4 Nxd3 10. Qxd3 O-O 11. Kh1 a6 12. Nce2 c5 13. Nf3 Bf5 14. Qd1 Nc6 15.
Ng3 Bg4 16. h3 Bxf3 17. Qxf3 Nd4 18. Qd3 f5 19. c3 Ne6 20. Rd1 d4 21. Qc4 Re8
22. cxd4 cxd4 23. Be3 Qh4 24. Bf2 Qxf4 25. Kg1 Qxe5 26. Re1 Qd6 27. Re2 b5 28.
Qb3 Kf8 29. Be1 a5 30. Rf2 b4 31. Rd1 Nc5 32. Qf3 Ra7 33. a3 bxa3 34. Qxa3 Rd7
35. Bxa5 Na6 36. Qxd6+ Rxd6 37. b4 Kf7 38. b5 Nb8 39. Rc2 Be5 40. Nf1 d3 41.
Rcd2 Rd5 42. Rxd3 Rxb5 43. Bc3 Bxc3 44. Rxc3 Rbe5 45. Nd2 Rd5 46. Rc7+ Kg8 47.
Kh2 Nd7 48. Rcc1 Nf6 49. Nf3 Rxd1 50. Rxd1 Re7 51. Rd6 Kg7 52. Ra6 Ne4 53. Nd4
Kf7 54. Nf3 1/2-1/2

[Event "Wch Blitz 4th"]
[Site "Moscow"]
[Date "2009.11.17"]
[Round "25"]
[White "Kosteniuk, Alexandra"]
[Black "Carlsen, Magnus"]
[Result "0-1"]
[WhiteElo "2517"]
[BlackElo "2801"]
[PlyCount "74"]
[EventDate "2009.11.16"]
[EventType "tourn (blitz)"]
[EventRounds "42"]
[EventCountry "RUS"]
[EventCategory "19"]
[SourceTitle "EXT 2010"]
[Source "ChessBase"]
[SourceDate "2010.11.25"]
[SourceVersion "1"]
[SourceVersionDate "2010.11.25"]
[SourceQuality "1"]

1. e4 c5 2. Nf3 d6 3. d4 cxd4 4. Nxd4 Nf6 5. Nc3 a6 6. Bg5 e6 7. f4 Qc7 8. Bxf6
gxf6 9. Qd2 Nc6 10. O-O-O Bd7 11. Be2 h5 12. Kb1 Be7 13. Rhf1 Nxd4 14. Qxd4 Qc5
15. Qd2 b5 16. Bf3 b4 17. Ne2 Rc8 18. Nc1 a5 19. Nd3 Qd4 20. Qe2 Bb5 21. Bxh5
a4 22. Bf3 Rxh2 23. Qf2 Qc4 24. b3 Qc3 25. Qd2 axb3 26. cxb3 Qd4 27. Rfe1 Rc3
28. Nf2 Qxd2 29. Rxd2 Bd8 30. Ng4 Rh8 31. Rxd6 Bd3+ 32. Kb2 Bc7 33. Rd4 Bxf4
34. Nxf6+ Ke7 35. e5 Bxe5 36. Ng8+ Kf8 37. Rd8+ Kg7 0-1

[Event "Wch Blitz 4th"]
[Site "Moscow"]
[Date "2009.11.18"]
[Round "29"]
[White "Kosteniuk, Alexandra"]
[Black "Jakovenko, Dmitrij"]
[Result "1/2-1/2"]
[WhiteElo "2517"]
[BlackElo "2736"]
[PlyCount "78"]
[EventDate "2009.11.16"]
[EventType "tourn (blitz)"]
[EventRounds "42"]
[EventCountry "RUS"]
[EventCategory "19"]
[SourceTitle "EXT 2010"]
[Source "ChessBase"]
[SourceDate "2010.11.25"]
[SourceVersion "1"]
[SourceVersionDate "2010.11.25"]
[SourceQuality "1"]

1. e4 e5 2. Nf3 Nc6 3. Bb5 Nf6 4. d3 Bc5 5. Bxc6 dxc6 6. Be3 Bd6 7. h3 c5 8.
Nbd2 O-O 9. Nc4 Nd7 10. a4 b6 11. O-O Re8 12. Nfd2 Nf8 13. Nxd6 cxd6 14. f4
exf4 15. Bxf4 Ng6 16. Be3 d5 17. Qf3 Be6 18. a5 Qd7 19. axb6 axb6 20. Qg3 d4
21. Bf4 Nxf4 22. Qxf4 b5 23. b3 Qc6 24. Nf3 h6 25. g4 Rxa1 26. Rxa1 Ra8 27. Rf1
Rc8 28. Kh2 Qc7 29. Qxc7 Rxc7 30. Ra1 g5 31. Ra5 b4 32. Kg3 Kg7 33. h4 Kf6 34.
Ra6 Rc8 35. h5 Rc7 36. Nd2 Ke5 37. Nf3+ Kf6 38. Nd2 Ke7 39. Nf3 Kf6 1/2-1/2

[Event "Wch Blitz 4th"]
[Site "Moscow"]
[Date "2009.11.18"]
[Round "37"]
[White "Svidler, Peter"]
[Black "Kosteniuk, Alexandra"]
[Result "1-0"]
[WhiteElo "2754"]
[BlackElo "2517"]
[PlyCount "67"]
[EventDate "2009.11.16"]
[EventType "tourn (blitz)"]
[EventRounds "42"]
[EventCountry "RUS"]
[EventCategory "19"]
[SourceTitle "EXT 2010"]
[Source "ChessBase"]
[SourceDate "2010.11.25"]
[SourceVersion "1"]
[SourceVersionDate "2010.11.25"]
[SourceQuality "1"]

1. e4 e5 2. Nf3 Nf6 3. Nxe5 d6 4. Nf3 Nxe4 5. d4 d5 6. Bd3 Bd6 7. O-O O-O 8. c4
c6 9. Re1 Bf5 10. Qb3 Na6 11. Nc3 dxc4 12. Bxc4 Nxc3 13. bxc3 b5 14. Bf1 Nc7
15. Bg5 Qd7 16. Bh4 Be6 17. Qc2 h6 18. Bg3 Nd5 19. Ne5 Bxe5 20. dxe5 a5 21.
Rad1 Qe7 22. f4 Qc5+ 23. Kh1 Qxc3 24. Qf2 Ne7 25. Bd3 Rad8 26. Qf3 Qb2 27. Bh4
Rd7 28. Bxe7 Rxe7 29. f5 Bd5 30. Qg3 Rd7 31. f6 g5 32. Re2 Qb4 33. Qh3 Bxg2+
34. Rxg2 1-0